Quizzes
Events
Quiz Creation
Community
Videos
Private Events
Remove Ads
Sign In
Join for FREE
Feedback
Dark Mode
Quiz Categories
Sports
Geography
Music
Movies
Television
Just For Fun
Miscellaneous
History
Literature
Language
Science
Gaming
Entertainment
Religion
Holiday
For Kids
Quiz Lab
Recent
Popular Today
Quiz Kudos Today
Editor Picks
Curator Picks
Quizzes by...
Day
Popularity
Type
Ratings
Length
Year
Community
Subscriptions
Recent Discussions
Orange Saloon
Badges
Playlists
Quests
Create
Leaderboards
Showdown
Live 5
Trivia Bingo
Activity
Puzzle Library
Sporcle Events
Private Events
Virtual Trivia
Globe League
Become a Host
Pub Owners
SporcleCon
Opinionation
Our Games
Videos
Blog
Mobile Apps
Partnerships
Remove Ads and Go Orange
Feedback
Music
Pop Music
The Beatles
Song
Album
Lyrics
Bands
Singers
Artist
Clip
Rock
Rap
Classical
Billboard
Country Music
Kpop
Taylor Swift
Music
Pop Music
The Beatles
Song
Album
Lyrics
Bands
Singers
Artist
Clip
Rock
Rap
Classical
Billboard
Country Music
Kpop
Taylor Swift
Random Quiz
Search Sporcle
×
Quiz Lab
Quiz Lab
Music
Bands
Type in answers that appear in a list
Type in answers that appear in a list
Classic
Best Score? Go Orange.
Cryptic Bands - Hard Stats
Can you name the different bands?
By
eurythmech
12m
20 Questions
321 Plays
321 Plays
321 Plays
Comments
Comments
Give Quiz Kudos
Give Quiz Kudos
-
- Ratings
hide this ad
Replay
Link that replays current quiz
Next Quiz
Link to next quiz in quiz playlist
You Got
0%
They Got
Avg Score
16%
Avg Friend Score
Upgrade to see
Score Distribution
Jump to the score distribution portion of the page
Score
0/20
Timer
12:00
0
Plays Today
Riddle
Band
% Correct
Marie Antoinette would have them eaten
Cake
67.8%
Pluralized Cranberries' smash hit
The Zombies
46.6%
Engine skull
Motörhead
38.1%
Colts and McGowans
Guns and Roses
29.4%
Not one sinner among them
All Saints
24.7%
Alley blokes
Backstreet boys
23.8%
Really, really fast hedgehogs
The Sonics
18.1%
Jeter's band is susceptible to falling over
Derek and the dominos
12.5%
Unbiased dairy inn
Neutral Milk Hotel
11.3%
Cu
The Police
9.4%
Riddle
Band
% Correct
Not very good minds
Bad Brains
7.5%
To di a million times
Megadeth
6.9%
Panther Patterson
Pink Floyd
5.3%
Sabres vs Isotopes
Buffalo Springfield
4.7%
Damned loved one of mine
My Bloody Valentine
4.7%
Does not go for D:s or F:s
Pixies
2.5%
A state different to the previous one
New Order
2.5%
'Deliverance' for Nintendo
Bon Jovi
2.2%
Young psychotic female
Misfits
1.3%
Medium near labour
Midnight oil
-0.3%
Quiz Playlist
Details
Report
Send in Message
Add To Playlist
Classic:
Type in answers that appear in a list
Last Updated: Feb 16, 2017
Quiz Scoreboard
CHALLENGE
Sign Up to Join the Scoreboard
Show All
Scores
Hide
Comments
May contain spoilers
Recently Published
College Basketball Coaching Resumes
by pancakes188
Sports
9m
Billboard Blitz: Fleetwood Mac
by CooCooCachoo
Music
15s
Presidents Visiting Landmarks
by Hejman
History
7m
More to Explore
Quiz From the Vault
Featured Blog Post
Where Did the Easter Bunny Come From?
hide this ad
You Might Also Like...
Tags
Bands Quiz
Cryptic
Different
hard
riddle
Today's Top Quizzes in Music
Browse Music
hide this ad
Today's Top Quizzes in Bands
Browse Bands
Top Contributed Quizzes in Music
1
Taylor Swift All Songs (2024)
2
7-to-1: Billboard Hot 100 #1 Hits of 2010s
3
Guess the Artist- 70s Songs
4
Sorting Albums and Songs
5
Taylor Swift Logic Puzzle
6
KPOP LOGIC QUIZ
7
Guess the Taylor Swift song (Mystery Song)
8
2010s Album by Cover III
9
One Thing in Common: Music
10
Guess The Taylor Swift Lyrics Song #1
Explore More
Trending Topics
Marvel
Crossword
Kpop
Harry Potter
NBA
Anime
Disney
Song
NFL
Country
Pokémon
The Office
WWE
Soccer
Puzzle
hide this ad
More By:
eurythmech
Quiz
Plays
Rating
Category
Featured
Created
All-time greatest RPGs
969
1.53
Gaming
Nov 2, 2009
Sweden top 100 artists
729
2.17
Music
Oct 1, 2009
Men's 100 metres world record holders
574
3.75
Sports
Oct 1, 2009
Cryptic Bands - Hard
321
1.55
Music
Oct 10, 2009
Shining Force II party members
252
3.57
Gaming
Oct 1, 2009
Go to Creator's Profile
Score Distribution
Quiz Creator Spotlight
eurythmech
Follow
Send a Message
Quizzes Created
-
Created Quiz Play Count
-
More By This Creator
Popular Quizzes Today
1
Find the US States - No Outlines Minefield
2
Find the Countries of Europe - No Outlines Minefield
3
The Countries of the World
4
Find the US States
5
Risky Map Clicking: Biggest States A-Z
6
US States
7
Popular People in 1961
8
Movies - When Are They Set?
More Music Quizzes
EXO MV from the GIF of D.O!
Quiz Lab
Trending Quizzes
Risky Map Clicking: Least Populous States A-Z
1-10 Letter G Words
1-10 Letter F Words
Risky Map Clicking: Next State Alphabetically
Risky Map Clicking: Biggest States A-Z
Recently Updated
Leaping Animals
pecheneg
Reality TV Shows (A-Z)
bhenderson79
Rickey Henderson's Hall of Fame Teammates
pecheneg
Champions League XIs: Arsenal
pecheneg
Quick Pick: Celebrities in WWE's Hall of Fame
aduchscher
A-Z Keypad Blitz II
pecheneg
Multiple Oscar Actors
pecheneg
Mystery Phrase Blitz: Oscar 'Best Actors'
pecheneg
F. Scott Fitzgerald Novels
LTH
Pick 3 Villains
ddd62291
Trending Topics
Marvel
Kpop
Anime
Disney
Harry Potter
Crossword
NBA
WWE
Soccer
Pokémon
Country
Puzzle
NFL
Song
The Office
Your Account Isn't Verified!
In order to create a playlist on Sporcle, you need to verify the email address you used during registration. Go to your
Sporcle Settings
to finish the process.
Report this User
Report this user for behavior that violates our
Community Guidelines
.
Details:
Send Report
Go to the Sporcle.com Mobile Site →
Comments